00680nam a22001817a 4500007000300000008004100003020001800044050002000062100004300082245005200125260003100177300003400208490003600242500005700278504002700335505011900362650001700481ta191010t20142018spaa|||gr|||| 001 0 spa d a9786074387124 aBF124bG36 2014 aGarcía González, Eva Laura.eautor aPsicología 1c/ Eva Laura García González aMéxicob: Patriac, 2014 a72 páginasb: ilustraciones aSerie integral por competencias aSegunda reimpresión 2018 Incluye glosario p. 68-70 aBibliografía p.71-72 a1. La psicología como ciencia. 2. Relación entre los procesos neuropsicológicos y la conducta. 3. Emoción. 0aPSICOLOGÍA